00919cam a22002291a 450000100100000000500170001000800410002704000250006808200190009310000340011224500530014624600330019926000610023230000210029350400260031465000380034065000230037891000340040195201220043595201170055799900150067400000136420240418073804.0770526s1969 sp b 000 0 spa  aDO-SdBNPbspacBNPHU a301.018bB756m1 aBoudon, Raymond.d1934-9457414aLos métodos en sociología /cRaymond Boudon.14aLes Méthodes en sociologie aBuenos Aires :bPresses universitaires de France,c1969. a149 p. ;c18 cm. aBibliografía: p.127 4aSociologíaxMetodología94575 0aSociología91061 aCatalogación original noche 001052708MOaGRbGRcCTd2009-09-07iLF1l0o301.018 B756mp1364-10r2020-06-25w2020-06-25y2ZPréstamo interno 0010507-18MOaPDbPDcOId2017-03-29iLF1l0o301.018 B756mp1364-20r2020-06-25w2020-06-25y1ZNo se presta c1290d1290